000 01006nas a2200313 4500
001 BR0501868
003 BR-BrBNA
005 20231205105235.0
007 ta
008 230509b bl.|||p| |||| 00| 00por d
040 _aBR-BrBNA
_bpor
_cBiblioteca Nacional de Agricultura
041 _a(Pt)
072 _aF02
100 1 _aMiranda, C.S.de
100 1 _aChalfun, N.N.J.Hoffmann, A.
100 1 _aDutra, L.F.
100 1 _aCoelho, G.V. de A.
245 1 _aEnxertia recíproca e AIB como fatores indutores do enraizamento de estacas lenhosas dos porta-enxertos de pessegueiro 'Okinawa' e umezeiro
650 _aPRUNUS PERSICA
650 _aPÊSSEGO
650 _aAMEIXA JAPONESA
650 _aPORTA ENXERTO
650 _aENRAIZAMENTO DE ESTACA
650 _aENXERTO
650 _aÁCIDO INDOLBUTÍRICO
773 0 _tCiência e Agrotecnologia (Brazil)
_xISSN 1413-7054
_g(Jul-Aug 2004), v. 28(4) p. 778-784
_wBR0501868
909 _a202311
_bLúcia
_c55
_dLúcia Elande
942 _2AGRIS
_n0
_cANA
999 _c181942
_d181942